| 000 | 02360nam a22003257a 4500 | ||
|---|---|---|---|
| 005 | 20220114112824.0 | ||
| 008 | 201107s1937 enk |||f||||| 001 0 mul d | ||
| 020 | _a978674993570 | ||
| 040 |
_cSandra Yazo _dSandra Yazo |
||
| 041 | 0 |
_aeng _agre |
|
| 082 | 0 | 4 |
_220 _a185.1 |
| 092 | _aE62N056 | ||
| 100 | 1 |
_aAristóteles _91041 _d384-322 a. C. |
|
| 242 | 0 | 0 |
_aAristóteles _bXII. _cTraducidos al inglés por A. L. Peck ; E. S. Forster. _pPartes de los animales ; Movimiento de los animales ; Progreso de los animales. _yspa |
| 245 | 1 | 4 |
_aAristotle _bXII _cWith an english translation by A. L. Peck ; E. S. Forster. _pParts of animals. Movement of animals. Progression of animals. |
| 260 |
_aLondon [Londres] (Inglaterra) _bHarvard University Press [Imprenta de la Universidad de Harvard] _c1937 |
||
| 300 |
_a556 páginas _c16 x 11 cm. |
||
| 490 | 0 |
_aLoeb classical Library _v323 |
|
| 500 | _aDetalles físicos: Encuadernación rígida. Cartón duro forrado en tela. Lomo con adornos en dorado. En la tapa delantera anagrama en dorado. Cubierta de papel verde con solapa, que incluye datos de autor y de la obra. Guardas. Hoja de cortesía. Anteportada. Portada impresa en una sola tinta; información sobre la obra dentro de un recuadro. Pequeño grabado con el emblema de la Colección (Palas Athenea); en el círculo, la inscripción “Loeb Classical Library”. Texto muy bien impreso en una sola columna: el texto griego, con párrafos numerados, ocupa la página derecha; la traducción inglesa correspondiente a la página de la izquierda. Notas de pie de página. Incluye índice. Hojas de cortesía posteriores y guardas. | ||
| 505 | 0 | _aAristóteles 12: Partes de los animales: Palabras previas ; Introducción ; Texto y traducción ; Movimiento de los animales ; Progreso de los animales: Introducción ; Texto y traducción ; Índice de Partes de los animales ; Índice del movimiento y progreso de los animales | |
| 506 | _aConsulta en sala | ||
| 546 | _aTexto en inglés y griego | ||
| 650 | 7 |
_915732 _aFilosofía aristotélica |
|
| 650 | 7 |
_926437 _aZoología |
|
| 650 | 7 |
_aFisiología animal _915926 |
|
| 690 |
_aFilosofía _975 |
||
| 700 | 1 |
_aPeck, A. L. _etraductor _d1902-1974 _q(Arthur Leslie) _9101866 |
|
| 700 | 1 |
_aForster, E. S. _etraductor _d1879-1950 _q(Edward Seymour) _9101824 |
|
| 942 |
_2LOCAL _cLIBRO _e1 _hE62N056 |
||
| 999 |
_c318382 _d318382 |
||